00000000cam 2200000zi 4500
0019.930936
003CaOODSP
00520251215103536
006m     o  d f      
007cr mn|||||||||
008231128e202312  quc     ob   f000 0 fre d
020 |a9780660690759
040 |aCaOODSP|bfre|erda|cCaOODSP
043 |an-cn---
0861 |aEn14-534/2023F-PDF
24500|aRéduction des émissions de méthane entérique des bovins de boucherie : |bprotocole fédéral de crédits compensatoires.
24617|aÉbauche - réduction des émissions de méthane entérique des bovins de boucherie, version 1.0
264 1|aGatineau (Québec) : |bEnvironnement et changement climatique Canada = Environment and Climate Change Canada, |cdécembre 2023.
264 4|c©2023
300 |a1 ressource en ligne (v, 42 pages)
336 |atexte|btxt|2rdacontent/fre
337 |ainformatique|bc|2rdamedia/fre
338 |aressource en ligne|bcr|2rdacarrier/fre
500 |aPublié aussi en anglais sous le titre : Reducing enteric methane emissions from beef cattle: federal offset protocol.
500 |aTitre de la couverture.
500 |a« Ébauche pour consultation publique, décembre 2023. »
500 |a« Régime de crédits compensatoires pour les gaz à effet de serre du Canada. »
500 |a« EC23040 » -- Page [ii].
504 |aComprend des références bibliographiques.
650 6|aBovins de boucherie|xAlimentation|xAspect de l'environnement|zCanada.
650 6|aMéthane|xAspect de l'environnement|zCanada.
650 6|aGaz à effet de serre|xRéduction|zCanada.
7101 |aCanada. |bEnvironnement et changement climatique Canada, |eorganisme de publication.
77508|tReducing enteric methane emissions from beef cattle : |w(CaOODSP)9.930935
85640|qPDF|s667 Ko|uhttps://publications.gc.ca/collections/collection_2024/eccc/En14-534-2023-fra.pdf
8564 |qHTML|sS.O.|uhttps://webarchiveweb.wayback.bac-lac.canada.ca/web/20250521125148/https://www.canada.ca/fr/environnement-changement-climatique/services/changements-climatiques/fonctionnement-tarification-pollution/systeme-tarification-fonde-rendement/systeme-federal-credits-compensatoires-gaz-effet-serre/protocoles/ebauche-reduction-emissions-methane-enterique-bovins-boucherie.html
986 |aEC23040